00383nam a22001337a 450000500170000000800410001704100130005808200130007110000120008424500490009626000490014530000300019465000250022420240821124101.0240821b |||||||| |||| 00| 0 eng d aEnglish  a349 REP  lEnglish aRepublic of Namibia: Criminal Law Precedents aWindhoek: bCriminal Law Precedents, c2005  bxvi, 126 pages; c25 cm.  aLegal practice bLaw